00305nam a2200121Ia 4500008004100000041001200041082001100053100001800064245004600082260003500128300000800163650001200171221030s9999 xx 000 0 und d aEnglish a105.23 aL. R. Hubbard 0aScientology : The Fundamentals of Thought bNew Era Pub.aCaliforniac2007 a243 aGeneral